| 000 | 00513nam a2200181 4500 | ||
|---|---|---|---|
| 001 | 18652 | ||
| 005 | 20230410115606.0 | ||
| 008 | 060907n1994 dr spa | ||
| 020 | _a8428209480 | ||
| 035 | _9funglode18802 | ||
| 041 | _aES | ||
| 050 | 1 | 4 | _aHF 1626 K22b 1991 |
| 100 | _aKawollek, Wolfgang | ||
| 245 | 1 | 3 |
_aEl libro del bonsai de interior : _bbonsai de interior tropicales y subtropicales / _cWolfgang Kawollek |
| 260 |
_aBarcelona : _bOmega, _c1994 |
||
| 300 | _a294 p. | ||
| 942 |
_2lcc _cbk |
||
| 999 |
_c44249 _d44249 |
||